| 000 | 01228cam a2200289 a 4500 | ||
|---|---|---|---|
| 001 | 000009640 | ||
| 005 | 20200929161643.0 | ||
| 008 | 010702s2000 cr 000 0 spa d | ||
| 020 | _a997767616X | ||
| 035 | _a(CStRLIN)NYCGATR1755-B | ||
| 035 | _a(OCoLC)ocm47227968 | ||
| 040 |
_aDO-SdBNP _cCSU _dBNPHU |
||
| 082 |
_aCa863.42 _bR575n |
||
| 245 | 0 | 0 |
_aNuevos acercamientos a la obra de Rima de Vallbona (actas del Simposio-homenaje) / _ceditor Jorge Chen Sham. |
| 260 |
_aSan José, (Costa Rica) : _bUniversidad de Costa Rica, _c2000. |
||
| 300 |
_a200 p. ; _c21 cm. |
||
| 504 | _aIncluye referencias bibliográficas. | ||
| 600 | 1 | 0 |
_aVALLBONA, RIMA DE, _d1931- _xCRÍTICA E INTERPRETACIÓN _924508 |
| 600 | 1 | 0 |
_aVALLBONA, RIMA DE, _d1931- _xHISTORIA Y CRÍTICA _xCONGRESOS, CONFERENCIAS, ETC. _924509 |
| 650 | 4 |
_aAutores costarricense _xCrítica e interpretación _924510 |
|
| 650 | 4 |
_aAutores costarricense _xCongresos, conferencias, etc. _924511 |
|
| 650 | 4 |
_aCuentros costarricenses _xCrítica e interpretación _924512 |
|
| 650 | 4 |
_aLiteratura costarricense _xHistoria y crítica _xCongresos, conferencias, etc. _924513 |
|
| 700 | 1 |
_aChen Sham, Jorge, _eed. _924514 |
|
| 910 | _aCatalogación por copia / LC | ||
| 049 | _aBNGR | ||
| 999 |
_c9400 _d9400 |
||